[Event "12th Neckar Open A"]
[Site "Deizisau GER"]
[Date "2008.03.21"]
[Round "2"]
[White "Korneev,O"]
[Black "Grimberg,B"]
[Result "0-1"]
[WhiteElo "2645"]
[BlackElo "2261"]

1.e4 c5 2.Nf3 d6 3.d4 cxd4 4.Nxd4 Nf6 5.Nc3 a6 6.Be3 Ng4 7.Bc1 Nf6 8.f3 e6
9.Be3 Nbd7 10.g4 h6 11.Qd2 b5 12.O-O-O Bb7 13.Bd3 Ne5 14.Rhe1 b4 15.Na4 Qa5
16.b3 Be7 17.h4 Nfd7 18.g5 hxg5 19.hxg5 Nc5 20.Kb1 Nxa4 21.bxa4 Qxa4 22.f4 Nxd3
23.cxd3 d5 24.e5 g6 25.f5 Kd7 26.f6 Bf8 27.Rc1 b3 28.Nxb3 Ba3 29.Nc5+ Bxc5
30.Bxc5 Rac8 31.Ka1 Bc6 32.Rb1 Bb5 33.Re4 Rh2 34.Qxh2 dxe4 35.d4 Bc4 36.a3 Rxc5  0-1

[Event "LIV Abierto Mexicano de Ajedrez"]
[Site "Aguascalientes MEX"]
[Date "2008.03.22"]
[Round "7"]
[White "Duarte Barahona,R"]
[Black "Dominguez Aguilar,G"]
[Result "1/2-1/2"]
[WhiteElo "2183"]
[BlackElo "2400"]

1.e4 c5 2.Nf3 d6 3.d4 cxd4 4.Nxd4 Nf6 5.Nc3 a6 6.Be3 Ng4 7.Bc1 Nf6 8.f3 e5
9.Nb3 Be6 10.Be3 h5 11.Qd2 Nbd7 12.O-O-O Rc8 13.Kb1 b5 14.Rg1 Be7 15.g3 Nb6
16.Qf2 Nfd7 17.Nd5 Bxd5 18.exd5 Nc4 19.Bh3 Qc7 20.Bxd7+ Qxd7 21.f4 Qc7 22.Rc1 a5
23.c3 Qb7 24.Rgd1 a4 25.Nd2 Qxd5 26.Nxc4 Qe4+ 27.Ka1 Rxc4 28.fxe5 dxe5 29.Re1 Qg4
30.Ba7 Qe6 31.Bd4 f6 32.Qf3 Qc6 33.Qf5 Qd7 34.Qg6+ Kf8 35.Rxe5 fxe5 36.Rf1+ Bf6
37.Rxf6+ gxf6 38.Qxf6+  1/2-1/2

[Event "9th North American Inv"]
[Site "Chicago USA"]
[Date "2008.03.22"]
[Round "2"]
[White "Pasalic,M"]
[Black "Arnold,M"]
[Result "1-0"]
[WhiteElo "2395"]
[BlackElo "2276"]

1.e4 c5 2.Nf3 d6 3.d4 cxd4 4.Nxd4 Nf6 5.Nc3 a6 6.f3 e6 7.Be3 b5 8.Qd2 Nbd7
9.g4 Nb6 10.a4 bxa4 11.Nxa4 Nxa4 12.Rxa4 Nd7 13.Be2 Bb7 14.O-O h5 15.g5 Nc5
16.Ra2 g6 17.b4 Nd7 18.Nb3 Ne5 19.Na5 Bc8 20.h3 Qc7 21.f4 Nd7 22.Rd1 Rb8
23.Nc4 d5 24.exd5 Bxb4 25.c3 exd5 26.Qxd5 Be7 27.Nd6+ Bxd6 28.Qxd6 Qxd6 29.Rxd6 O-O
30.Rad2 Re8 31.Kf2 Nf8 32.h4 a5 33.Ra2 Rb3 34.Bd4 Be6 35.Rxa5 Rb2 36.Re5 Rc2
37.Kg3 Rb8 38.Bf3 Rc8 39.Re3 Bf5 40.Ra6 Ne6 41.Bf6 Rd2 42.Ra8 Rxa8 43.Bxa8 Kf8
44.c4 Rd3 45.Kf2 Rd2+ 46.Kf3 Nd4+ 47.Bxd4 Rxd4 48.Rc3 Be6 49.c5 Ke7 50.Be4 Ra4
51.Ke3 Ra1 52.c6 Kd8 53.c7+ Kc8 54.Kd4 Ra5 55.Rc1 Rb5 56.Bd3 Rd5+ 57.Ke4 Ra5
58.Bf1 Bf5+ 59.Kd4 Be6 60.Bd3 Rd5+ 61.Ke3 Ra5 62.Rc6 Ra3 63.Kd4 Kb7 64.Rc5 Kc8
65.Be4 Ra7 66.Ke5 Ra4 67.Bd3 Ba2  1-0

[Event "FKB ch-USA Qualifier"]
[Site "Tulsa USA"]
[Date "2008.03.28"]
[Round "2"]
[White "Berry,Ja"]
[Black "Bady,G"]
[Result "0-1"]
[WhiteElo "2087"]
[BlackElo "2226"]

1.e4 c5 2.Nf3 d6 3.d4 cxd4 4.Nxd4 Nf6 5.Nc3 a6 6.f3 e6 7.Be3 b5 8.Qd2 Nbd7
9.g4 Nb6 10.O-O-O Bb7 11.Rg1 Qc7 12.Qf2 Nfd7 13.Kb1 b4 14.Nce2 d5 15.Ng3 Rc8
16.exd5 Nxd5 17.Bd3 Bc5 18.Ne4 Bb6 19.Nxe6 fxe6 20.Bxb6 N7xb6 21.Ng5 Nf4
22.Rge1 Bd5 23.Bf5 Rd8 24.Nxe6 Bxe6 25.Rxd8+ Qxd8 26.Qc5 Qd2 27.Qe5 O-O 28.Bxe6+ Nxe6
29.Qxe6+ Kh8 30.g5 Nc4 31.g6 Qd4 32.c3 bxc3  0-1

[Event "FKB ch-USA Qualifier"]
[Site "Tulsa USA"]
[Date "2008.03.30"]
[Round "7"]
[White "Santarius,E"]
[Black "Yanayt,E"]
[Result "0-1"]
[WhiteElo "2125"]
[BlackElo "2255"]

1.e4 c5 2.Nf3 d6 3.d4 cxd4 4.Nxd4 Nf6 5.Nc3 a6 6.f3 e5 7.Nb3 Be6 8.Be3 Be7
9.Qd2 O-O 10.O-O-O Qc7 11.h4 Rc8 12.h5 d5 13.exd5 Nxd5 14.Nxd5 Bxd5 15.Kb1 Nc6
16.h6 g6 17.Bg5 Bxb3 18.axb3 Rd8 19.Bd3 f6 20.Be3 Nb4 21.Qc3 Qa5 22.Rh4 b5
23.Bc5 Qa2+ 24.Kc1 Nd5 25.Bxe7 Nxc3 26.bxc3 Rdc8 27.c4 Kf7 28.Bd6 Rd8 29.c5 Rxd6
30.cxd6 Rd8 31.f4 e4 32.Bxe4 Qa1+ 33.Kd2 Qd4+  0-1

[Event "Gausdal Classics GMB"]
[Site "Gausdal NOR"]
[Date "2008.04.14"]
[Round "7"]
[White "Leniart,A"]
[Black "Womacka,M"]
[Result "1/2-1/2"]
[WhiteElo "2324"]
[BlackElo "2445"]

1.e4 c5 2.Nf3 d6 3.d4 cxd4 4.Nxd4 Nf6 5.Nc3 a6 6.f3 e5 7.Nb3 Be7 8.Be3 Be6
9.g4 d5 10.g5 d4 11.gxf6 Bxf6 12.Bf2 dxc3 13.Qxd8+ Bxd8 14.bxc3 Nd7 15.Nc5 Ba5
16.Nxe6 Bxc3+ 17.Ke2 fxe6 18.Rb1 b5 19.Bh3 Kf7 20.Rhd1 Nf6 21.Bh4 Rhd8 22.Bxf6 Kxf6
23.Rxd8 Rxd8 24.Rd1 Rxd1 25.Kxd1 Bd4 26.Bf1 Kg5 27.c4 b4 28.c5 Bxc5 29.Bxa6 Bg1
30.Ke2 Bxh2 31.Kf2 Kf4 32.Kg2 Bg3 33.Bc4 g5 34.Bxe6 h5 35.Bf7 g4 36.Bxh5 gxf3+
37.Bxf3 Bh4 38.Bh5 Kxe4 39.Kf1 Kd3 40.Bg6+ e4 41.Bh7 Ke3  1/2-1/2

[Event "Copenhagen Chess Challenge"]
[Site "Ballerup DEN"]
[Date "2008.04.17"]
[Round "2"]
[White "Smith,Ax"]
[Black "Skovgaard,Pe2"]
[Result "1-0"]
[WhiteElo "2428"]
[BlackElo "2244"]

1.e4 c5 2.Nf3 d6 3.d4 cxd4 4.Nxd4 Nf6 5.Nc3 a6 6.f3 e5 7.Nb3 Be6 8.Be3 Nbd7
9.Qd2 h5 10.O-O-O Rc8 11.Kb1 Be7 12.h3 b5 13.Bd3 h4 14.f4 Qc7 15.Rhe1 Nb6
16.Bxb6 Qxb6 17.Nd5 Bxd5 18.exd5 Rh5 19.Be4 Nxe4 20.Rxe4 Rc4 21.Rxc4 bxc4
22.Na5 Qb5 23.Nc6 Bf6 24.c3 Kf8 25.Qe2 g6 26.fxe5 Bxe5 27.Ka1 Kg7 28.Nxe5 Rxe5
29.Qd2 Re4 30.a3 Qe8 31.Qf2 Qb5 32.Qf3 f5 33.Qf2 Qb7 34.Qd2 Qe7 35.Qf2 Qb7
36.Qd2 Qa7 37.Re1 Qe7 38.Rd1 g5 39.Qf2 f4 40.Qb6 Re2 41.Rg1 Re1+ 42.Rxe1 Qxe1+
43.Ka2 Qe4 44.Qc7+ Kg8 45.Qd8+ Kf7 46.Qxg5 Ke8 47.Qh5+ Kd7 48.Qg4+ Kc7 49.Qxh4 Qxd5
50.Qxf4 Qb5 51.Qf7+ Kb8 52.Qf8+ Kc7 53.Qe7+  1-0

[Event "Copenhagen Chess Challenge"]
[Site "Ballerup DEN"]
[Date "2008.04.18"]
[Round "4"]
[White "Rasmussen,A"]
[Black "Olsson,Li"]
[Result "1-0"]
[WhiteElo "2510"]
[BlackElo "2372"]

1.e4 c5 2.Nf3 d6 3.d4 cxd4 4.Nxd4 Nf6 5.Nc3 a6 6.f3 e5 7.Nb3 Be6 8.Be3 Be7
9.Qd2 O-O 10.O-O-O Nbd7 11.g4 b5 12.Rg1 Nb6 13.Na5 Qc7 14.g5 Nfd7 15.Nd5 Nxd5
16.exd5 Bxd5 17.Qxd5 Qxa5 18.Bd3 g6 19.h4 Nc5 20.Bxc5 dxc5 21.h5 Rfd8 22.Qxe5 Bf8
23.hxg6 hxg6 24.Bxg6 fxg6 25.Qe6+ Kg7 26.Rd7+ Rxd7 27.Qxd7+ Kg8 28.Qe6+ Kg7
29.Rh1 Qd8 30.Qe5+ Kg8 31.Rh8+ Kf7 32.Rh7+ Kg8 33.Qh8+  1-0

[Event "Copenhagen Chess Challenge"]
[Site "Ballerup DEN"]
[Date "2008.04.20"]
[Round "8"]
[White "Rasmussen,A"]
[Black "Mikkelsen,N"]
[Result "1-0"]
[WhiteElo "2510"]
[BlackElo "2392"]

1.e4 c5 2.Nf3 d6 3.d4 cxd4 4.Nxd4 Nf6 5.Nc3 a6 6.f3 e6 7.Be3 Be7 8.Qd2 O-O
9.O-O-O Nc6 10.g4 Nd7 11.Kb1 Nde5 12.Qg2 Nxd4 13.Bxd4 Nc6 14.Be3 b5 15.g5 b4
16.Na4 Qa5 17.Nb6 Rb8 18.Nc4 Qc7 19.Qg3 e5 20.f4 exf4 21.Bxf4 Be6 22.b3 Rbd8
23.Nxd6 Qa5 24.Bd3 Ra8 25.Nc4 Bxc4 26.Bxc4 Na7 27.Rd7 Nb5 28.Rxe7 Nc3+ 29.Kc1 Rad8
30.Bd3 Ne2+ 31.Bxe2 Qxa2 32.Be5 Rc8 33.Bc4 Rxc4 34.bxc4 Qxc4 35.Rd1 a5 36.Qb3  1-0

[Event "IX EICC"]
[Site "Plovdiv BUL"]
[Date "2008.04.29"]
[Round "8"]
[White "Petrusic,T"]
[Black "Gengler,P"]
[Result "0-1"]
[WhiteElo "1956"]
[BlackElo "2200"]

1.e4 c5 2.Nf3 d6 3.d4 cxd4 4.Nxd4 Nf6 5.Nc3 a6 6.f3 e6 7.Be3 b5 8.Qd2 Bb7
9.O-O-O Nbd7 10.g4 Nb6 11.Qf2 Nfd7 12.Kb1 Rc8 13.Nce2 d5 14.Bg2 Nc4 15.exd5 Bxd5
16.Nf4 Bc5 17.Nxd5 exd5 18.Rhe1 O-O 19.Bc1 Qa5 20.f4 Ndb6 21.Qg3 b4 22.Nb3 Qb5
23.Nxc5 Rxc5 24.Rd3 Rfc8 25.f5 Na4 26.Rb3 Na5 27.Bf1 Qc6 28.Rxb4 Rxc2 29.Qe3 Nc5
30.Rb6 Rxc1+ 31.Kxc1 Ncb3+  0-1

[Event "IX EICC"]
[Site "Plovdiv BUL"]
[Date "2008.05.01"]
[Round "10"]
[White "Petrusic,T"]
[Black "Ivanov L.,S"]
[Result "1/2-1/2"]
[WhiteElo "1956"]
[BlackElo "2129"]

1.e4 c5 2.Nf3 d6 3.d4 cxd4 4.Nxd4 Nf6 5.Nc3 a6 6.f3 e5 7.Nb3 Be6 8.Be3 Be7
9.Qd2 Nbd7 10.O-O-O b5 11.Kb1 Nb6 12.Na5 Qc7 13.Qf2 Rb8 14.Bxb6 Rxb6 15.Nd5 Nxd5
16.exd5 Bd7 17.f4 Rb8 18.Nb3 Bf6 19.Bd3 O-O 20.f5 Bg5 21.h4 Bh6 22.g4 Bf4
23.Nd2 Qb6 24.Qxb6 Rxb6 25.Nb3 Rbb8 26.Na5 Be3 27.Be4 b4 28.Rh3 Bd4 29.h5 h6
30.Nb3  1/2-1/2

[Event "11th IHEM"]
[Site "Hamburg GER"]
[Date "2008.05.10"]
[Round "1"]
[White "Mueller,Joe"]
[Black "Bogner,S"]
[Result "0-1"]
[WhiteElo "2116"]
[BlackElo "2423"]

1.e4 c5 2.Nf3 d6 3.d4 cxd4 4.Nxd4 Nf6 5.Nc3 a6 6.f3 e6 7.Be3 b5 8.Qd2 Nbd7
9.O-O-O Bb7 10.Kb1 b4 11.Nce2 d5 12.exd5 Nxd5 13.Bg5 Qb6 14.c4 bxc3 15.Nxc3 Bb4
16.Nxd5 Bxd5 17.Qe3 O-O 18.Nb3 Qb7 19.Bd3 a5 20.Be4 Nb6 21.Qd3 a4 22.Nd2 h6
23.Be3 Rfd8 24.Qb5 Bxd2 25.Bxd5 Rxd5 26.Qxb6 Qxb6 27.Bxb6 Rb8 28.Bc7 Rb7
29.Be5 f6 30.Bg3 Bc3 31.Kc2 Bd4 32.Rb1 Rc5+ 33.Kd3 Bxb2 34.Rhd1 Rd7+ 35.Ke2 Rc2+
36.Kf1 Rxd1+ 37.Rxd1 Kf7 38.Rd7+ Kg6 39.Ra7 Rc4 40.Bd6 Bd4 41.Ra6 e5 42.a3 Rc1+
43.Ke2 Rc2+ 44.Kd3 Rxg2 45.Rxa4 Rf2 46.Ra8 Rxf3+  0-1

[Event "Kaupthing Open"]
[Site "Differdange LUX"]
[Date "2008.05.11"]
[Round "2"]
[White "Leniart,A"]
[Black "Zdebskaja,N"]
[Result "0-1"]
[WhiteElo "2324"]
[BlackElo "2368"]

1.e4 c5 2.Nf3 d6 3.d4 cxd4 4.Nxd4 Nf6 5.Nc3 a6 6.f3 e5 7.Nb3 Be6 8.Be3 Be7
9.Qd2 O-O 10.O-O-O Nbd7 11.g4 b5 12.g5 b4 13.Ne2 Ne8 14.h4 a5 15.Kb1 a4 16.Nbc1 Nb6
17.Ng3 d5 18.Bxb6 Qxb6 19.exd5 Rd8 20.Bc4 Qc7 21.dxe6 Rxd2 22.exf7+ Kh8 23.Rxd2 Bxg5  0-1

[Event "26th Open"]
[Site "Elba ITA"]
[Date "2008.05.11"]
[Round "2"]
[White "Proia,G"]
[Black "Calisi,E"]
[Result "1/2-1/2"]
[WhiteElo "2026"]
[BlackElo "1874"]

1.e4 c5 2.Nf3 d6 3.d4 cxd4 4.Nxd4 Nf6 5.Nc3 a6 6.f3 e6 7.Be3 Qc7 8.Qd2 Nc6
9.g4 Ne5 10.O-O-O Be7 11.h4 b5 12.g5 Nh5 13.Rg1 Nc4 14.Bxc4 bxc4 15.f4 Rb8
16.f5 d5 17.exd5 exd5 18.g6 Qb7 19.b3 Ba3+ 20.Kb1 Bb4 21.Rdf1 Nf6 22.Nde2 Ne4
23.Qd4 Bc5 24.Qxg7 Rf8 25.Bxc5 Nxc5 26.Qe5+ Kd7 27.Qxd5+ Qxd5 28.Nxd5 fxg6
29.fxg6 Rxf1+ 30.Rxf1 hxg6 31.Rg1 cxb3 32.axb3 Bb7 33.Ndc3 Rh8 34.Rxg6 Rxh4
35.Kb2 a5 36.Rg5 Kc6 37.Rg6+ Kd7 38.Rb6 Kc7 39.Rb5 Rh5 40.Nd4 Ba6 41.Ne6+ Kc6
42.Rxc5+ Rxc5 43.Nxc5 Kxc5 44.Na4+ Kc6 45.Ka3 Bc8 46.Nb2 Be6 47.Ka4 Kb6 48.Nd3 Bd7+
49.Ka3 Kb5 50.Ne5 Be6 51.Kb2 a4 52.c4+ Kc5 53.bxa4 Bxc4 54.Nd7+ Kb4 55.Nb6 Ka5
56.Ka3  1/2-1/2

[Event "43rd Capablanca Memorial Open"]
[Site "Havana CUB"]
[Date "2008.05.12"]
[Round "5"]
[White "Gomez Garrido,C"]
[Black "Abreu Delgado,A"]
[Result "1/2-1/2"]
[WhiteElo "2408"]
[BlackElo "2483"]

1.e4 c5 2.Nf3 d6 3.d4 cxd4 4.Nxd4 Nf6 5.Nc3 a6 6.f3 e5 7.Nb3 Be6 8.Be3 h5
9.Qd2 Nbd7 10.Nd5 Bxd5 11.exd5 Qc7 12.O-O-O Nb6 13.Qa5 Rc8 14.c3 Nfd7 15.Qb4 g6
16.Kb1 Bh6 17.Bf2 Kf8 18.g3 Rd8 19.h4 Nc8 20.f4 Bg7 21.Bh3 Ne7 22.Rhf1 Re8
23.Na5 exf4 24.Qxb7 Qxb7 25.Nxb7 Rb8 26.Nxd6 f5 27.Kc2 fxg3 28.Bxg3 Be5 29.Nxf5 Nxf5
30.Bxe5 Nxe5 31.Bxf5 gxf5 32.Rxf5+ Nf7 33.Rdf1 Rh7 34.b4 Ke7 35.Re1+ Kd7
36.Re6 a5 37.a3 Rg7 38.Kb3 Nd6 39.Rxh5 Nb5 40.Re3 Kd6 41.Re6+ Kd7 42.Re3 Kd6  1/2-1/2

[Event "Mayors Cup Open"]
[Site "Mumbai IND"]
[Date "2008.05.12"]
[Round "3"]
[White "Nitin,S"]
[Black "Darpan,I"]
[Result "1-0"]
[WhiteElo "2296"]
[BlackElo "1918"]

1.e4 c5 2.Nf3 d6 3.d4 cxd4 4.Nxd4 Nf6 5.Nc3 a6 6.f3 e5 7.Nb3 Be6 8.Be3 Nbd7
9.Qd2 Be7 10.g4 b5 11.O-O-O b4 12.Ne2 O-O 13.g5 Nh5 14.Ng3 g6 15.Nxh5 gxh5
16.f4 exf4 17.Bxf4 Ne5 18.Kb1 a5 19.Nd4 Bg4 20.Be2 Bxe2 21.Qxe2 Ng6 22.Bc1 Bxg5
23.Qxh5 Bxc1 24.Rxc1 Qh4 25.Qd5 Qf4 26.Nf5 Qe5 27.Qd3 Rad8 28.Nh6+ Kh8 29.Rcf1 Qg7
30.Nf5 Qe5 31.Nd4 Rde8 32.Nf5 Rd8 33.h4 d5 34.h5 dxe4 35.hxg6 Qxf5 36.Rxh7+ Kg8
37.Qe2 Qxf1+ 38.Qxf1 fxg6 39.Qh1  1-0

[Event "26th Open"]
[Site "Elba ITA"]
[Date "2008.05.13"]
[Round "4"]
[White "Proia,G"]
[Black "Bartoli,F"]
[Result "1/2-1/2"]
[WhiteElo "2026"]
[BlackElo "1869"]

1.e4 c5 2.Nf3 d6 3.d4 cxd4 4.Nxd4 Nf6 5.Nc3 a6 6.f3 e5 7.Nb3 Be6 8.Be3 Be7
9.Qd2 Nbd7 10.g4 b5 11.O-O-O O-O 12.g5 Nh5 13.Kb1 Nb6 14.Rg1 b4 15.Nd5 Bxd5
16.exd5 a5 17.Nc1 Qc7 18.f4 Nxf4 19.Bxf4 exf4 20.Qxf4 Rfc8 21.Qe4 g6 22.Bb5 Bf8
23.Bc6 Rab8 24.h4 Bg7 25.h5 Nd7 26.hxg6 hxg6 27.Nd3 Ne5 28.Nxe5 Bxe5 29.Rdf1 Qa7
30.Rh1 Qd4 31.Qxd4 Bxd4 32.Re1 Be5  1/2-1/2

[Event "III President's Cup"]
[Site "Baku AZE"]
[Date "2008.05.14"]
[Round "3"]
[White "Fedorov,Alex"]
[Black "Guliev,L"]
[Result "0-1"]
[WhiteElo "2603"]
[BlackElo "2434"]

1.e4 c5 2.Nf3 d6 3.d4 cxd4 4.Nxd4 Nf6 5.Nc3 a6 6.f3 e5 7.Nb3 Be6 8.Be3 Nbd7
9.g4 Nb6 10.g5 Nh5 11.Qd2 Be7 12.O-O-O Qc7 13.Qf2 Nc4 14.Bxc4 Qxc4 15.Nd2 Qc7
16.Nf1 Nf4 17.h4 Rc8 18.Ng3 O-O 19.Nf5 Rfe8 20.Kb1 Bf8 21.h5 b5 22.Bxf4 exf4
23.g6 Bxf5 24.exf5 Qc5 25.Qxc5 Rxc5 26.gxh7+ Kxh7 27.f6 Rf5 28.fxg7 Kxg7
29.h6+ Kh7 30.Nd5 Ree5 31.Nb4 a5 32.Nc6 Re3 33.Nxa5 Rxf3 34.Nc6 Re3 35.Nd4 Rfe5
36.c3 Bxh6 37.Nc2 Rg3 38.Rxd6 Rg6 39.Rd3 Rg3 40.Rd7 Kg6 41.Nd4 Bg5 42.Kc2 f3
43.Rf1 Rg2+ 44.Kb3 f2 45.Nf3 Rf5 46.Nxg5 Kxg5 47.a4 Rg1 48.Rdd1 Rxf1 49.Rxf1 bxa4+
50.Kxa4 Kg4 51.b4 Kg3 52.c4 Kg2 53.Rxf2+ Rxf2 54.c5 f5 55.Kb3 Rf1 56.Kb2 Re1
57.c6 Re7  0-1

[Event "Mayors Cup Open"]
[Site "Mumbai IND"]
[Date "2008.05.14"]
[Round "5"]
[White "Nitin,S"]
[Black "Dahale,A"]
[Result "1-0"]
[WhiteElo "2296"]
[BlackElo "2118"]

1.e4 c5 2.Nf3 d6 3.d4 cxd4 4.Nxd4 Nf6 5.Nc3 a6 6.f3 e5 7.Nb3 Be6 8.Be3 Nbd7
9.g4 b5 10.g5 b4 11.Ne2 Nh5 12.Qd2 a5 13.Ng3 Nxg3 14.hxg3 a4 15.Nc1 Qa5 16.Nd3 d5
17.exd5 Qxd5 18.Bg2 Qb5 19.Rh4 f5 20.gxf6 Nxf6 21.Bg5 Rd8 22.Bf1 Qd5 23.Qe3 Be7
24.Qxe5 Qxf3 25.Be2 Qd5 26.Qxd5 Rxd5 27.Bxf6 Bxf6 28.Re4 Kf7 29.Rd1 Rg5 30.Nf4 Re5
31.Rxb4 Re8 32.Kf2 Be7 33.Rxa4 Bc5+ 34.Kg2 Bf5 35.Bb5 Rb8 36.Bc4+ Kf8 37.Bb3 g5
38.Nd3 Re2+ 39.Kh1 Be3 40.Rf1 Rb5 41.Be6 Bf2 42.Bxf5 Rxf5 43.Rc4  1-0

[Event "Mayors Cup Open"]
[Site "Mumbai IND"]
[Date "2008.05.17"]
[Round "9"]
[White "Shyam,SM"]
[Black "Kulkarni,C"]
[Result "1-0"]
[WhiteElo "2307"]
[BlackElo "2210"]

1.e4 c5 2.Nf3 d6 3.d4 cxd4 4.Nxd4 Nf6 5.Nc3 a6 6.f3 e6 7.Be3 Be7 8.Qd2 O-O
9.g4 Nc6 10.O-O-O Nd7 11.h4 Nxd4 12.Bxd4 b5 13.Kb1 Bb7 14.g5 b4 15.Ne2 a5
16.Ng3 Ne5 17.Qf2 Nc6 18.Bb6 Qc8 19.f4 Re8 20.h5 a4 21.g6 Bf6 22.e5 dxe5
23.gxf7+ Kxf7 24.Ne4 Be7 25.Rg1 b3 26.Bd3 Nb4 27.Nd6+  1-0

[Event "Mayors Cup Open"]
[Site "Mumbai IND"]
[Date "2008.05.19"]
[Round "11"]
[White "Mehar,C"]
[Black "Pranav,S"]
[Result "0-1"]
[WhiteElo "2265"]
[BlackElo "2100"]

1.e4 c5 2.Nf3 d6 3.d4 cxd4 4.Nxd4 Nf6 5.Nc3 a6 6.f3 e5 7.Nb3 Be6 8.Be3 Be7
9.Qd2 O-O 10.O-O-O Nbd7 11.g4 b5 12.g5 b4 13.Ne2 Ne8 14.f4 a5 15.f5 a4 16.fxe6 axb3
17.exf7+ Rxf7 18.Kb1 bxc2+ 19.Kxc2 Nb6 20.Nc1 d5 21.exd5 Nd6 22.Kb1 Nbc4
23.Bxc4 Nxc4 24.Qe2 Nxe3 25.g6 hxg6 26.Qxe3 Bd6 27.Rhg1 Qc8 28.Qe4 Qf5 29.Rde1 Ra5
30.Rxg6 Qxe4+ 31.Rxe4 Rxd5 32.Rg2 Rf4 33.Rge2 Kf7 34.Kc2 Kf6 35.Nd3 Rxe4
36.Rxe4 Kf5 37.Nf2 Bc5 38.Re2 Rd4 39.Nd3 Bd6 40.Rf2+ Ke6 41.Re2 Rh4 42.Rg2 e4
43.Nf2 g5 44.Ng4 Bf4 45.Kd1 Kf5 46.Nf2 Rxh2 47.Rxh2 Bxh2 48.Ke2 Be5 49.Nd1 Bd4
50.Ne3+ Bxe3 51.Kxe3 g4 52.a4 bxa3 53.bxa3 g3 54.a4 Ke5  0-1

[Event "Capo d'Orso Open"]
[Site "Porto Mannu Palau ITA"]
[Date "2008.05.19"]
[Round "3"]
[White "Dehmel,J"]
[Black "Papale,C"]
[Result "1-0"]
[WhiteElo "2122"]
[BlackElo "1875"]

1.e4 c5 2.Nf3 d6 3.d4 cxd4 4.Nxd4 Nf6 5.Nc3 a6 6.f3 e5 7.Nb3 Be7 8.Be3 Qc7
9.Qd2 Be6 10.O-O-O Nc6 11.g4 h6 12.h4 O-O-O 13.Nd5 Bxd5 14.exd5 Nb8 15.Kb1 Nbd7
16.c4 Kb8 17.Bd3 Rc8 18.Qb4 Ka8 19.Rc1 Nc5 20.Nxc5 dxc5 21.Qd2 Ne8 22.g5 hxg5
23.hxg5 Nd6 24.Qf2 b6 25.Rh2 Qd7 26.Rch1 Rhe8 27.Qc2 Qd8 28.Qg2 Qd7 29.Qh3 Qb7
30.Rc1 Bf8 31.Qg4 Rcd8 32.Rh7 Rd7 33.Bf2 Rde7 34.Bg3 Rb8 35.b3 g6 36.Re1 f5
37.Rxe7 Qxe7 38.Qh4 Bg7 39.Bxe5 Bxe5 40.f4 Nf7 41.Qh7 Qc7 42.Rxe5 Rh8 43.Qg7 Rc8
44.d6 Qb7 45.Qxg6 Qf3 46.Qxf5  1-0

[Event "Capo d'Orso Open"]
[Site "Porto Mannu Palau ITA"]
[Date "2008.05.22"]
[Round "7"]
[White "Weber,Me"]
[Black "Papale,C"]
[Result "1-0"]
[WhiteElo "2112"]
[BlackElo "1875"]

1.e4 c5 2.Nf3 d6 3.d4 cxd4 4.Nxd4 Nf6 5.Nc3 a6 6.f3 e5 7.Nb3 Be6 8.Be3 Nbd7
9.Qd2 Be7 10.g4 h6 11.O-O-O Qc7 12.Kb1 O-O-O 13.Nd5 Bxd5 14.exd5 Kb8 15.c4 Rc8
16.Rg1 Ne8 17.Rc1 Bg5 18.Rg2 Bxe3 19.Qxe3 Rf8 20.Bd3 a5 21.Bf5 Nef6 22.Rgc2 a4
23.Nd2 Qc5 24.Qc3 Rc7 25.b4 Qa7 26.Qd3 g6 27.Bxd7 Nxd7 28.Ne4 Qb6 29.Rb2 f5
30.gxf5 gxf5 31.Nc3 Qa6 32.Nb5 Rcc8 33.Rg2 Rf6 34.Rcg1 e4 35.Qd4 Ne5 36.Rg8 Rff8
37.Rxf8 Rxf8 38.f4 Ng4 39.h3 Nf6 40.Qxf6 Rxf6 41.Rg8+  1-0

[Event "XXVII Open"]
[Site "Zalakarosi HUN"]
[Date "2008.05.25"]
[Round "4"]
[White "Piroska,I"]
[Black "Bacso,G"]
[Result "0-1"]
[WhiteElo "2193"]
[BlackElo "2125"]

1.e4 c5 2.Nf3 d6 3.d4 cxd4 4.Nxd4 Nf6 5.Nc3 a6 6.f3 e5 7.Nb3 Be6 8.Be3 Be7
9.Qd2 Nbd7 10.O-O-O O-O 11.g4 b5 12.a3 Nb6 13.g5 Nh5 14.Kb1 Qc7 15.Nd5 Nxd5
16.exd5 Bd7 17.Bd3 a5 18.Qe2 b4 19.axb4 axb4 20.Rhg1 g6 21.Rdf1 Rfe8 22.Qf2 Bf8
23.Qh4 Qb7 24.Be4 Qa6 25.Bd3 Qa2+ 26.Kc1 Rec8 27.Kd2 Qxb2 28.Rb1 Qc3+ 29.Kd1 Nf4
30.Bd2 Qc7 31.Bxf4 exf4 32.Qxf4 Bb5 33.Be4 Bg7 34.Qe3 Ra2 35.Rg2 Bc3 36.h4 Qd7
37.Rh2 Qc7 38.h5 Ba4 39.Qd3 Qe7 40.hxg6 fxg6 41.f4 Re8 42.Nc1 Qxe4  0-1

[Event "XXVII Open"]
[Site "Zalakarosi HUN"]
[Date "2008.05.27"]
[Round "6"]
[White "Piroska,I"]
[Black "Papp,P"]
[Result "0-1"]
[WhiteElo "2193"]
[BlackElo "2067"]

1.e4 c5 2.Nf3 d6 3.d4 cxd4 4.Nxd4 Nf6 5.Nc3 a6 6.f3 e5 7.Nb3 Be7 8.Be3 Be6
9.Qd2 O-O 10.O-O-O a5 11.a4 Nc6 12.g4 Nb4 13.Kb1 d5 14.g5 Nxe4 15.fxe4 d4
16.Qg2 Bxb3 17.cxb3 Qc8 18.Bxd4 exd4 19.Rxd4 Qc5 20.Rd7 Bxg5 21.Bc4 Rad8
22.Rhd1 Qe3 23.Qf1 Rxd7 24.Rxd7 Bf6 25.Rxb7 h6 26.Qc1 Qf2 27.h3 Bxc3 28.Qxc3 Qg1+
29.Qc1 Qg2 30.Qe1 Qc2+ 31.Ka1 Qxc4 32.bxc4 Nc2+ 33.Ka2 Nxe1 34.Ra7 f5 35.exf5 Rxf5
36.Kb3 Rf3+ 37.Ka2 Nd3 38.b3 Nc1+ 39.Kb2 Nxb3 40.Rc7 Rxh3 41.c5 Kh7 42.c6 Nd4
43.Rxg7+ Kxg7 44.c7 Rb3+  0-1

[Event "ch-CHN w"]
[Site "Beijing CHN"]
[Date "2008.05.30"]
[Round "2"]
[White "Ding Yixin"]
[Black "Tan Zhongyi"]
[Result "1/2-1/2"]
[WhiteElo "2292"]
[BlackElo "2353"]

1.e4 c5 2.Nf3 d6 3.d4 cxd4 4.Nxd4 Nf6 5.Nc3 a6 6.Be3 Ng4 7.Bc1 Nf6 8.Be3 Ng4
9.Bc1 Nf6 10.f3 Qb6 11.Nb3 e6 12.Qe2 Qc7 13.g4 b5 14.Be3 Nc6 15.g5 Nd7 16.Qf2 Nce5
17.O-O-O b4 18.Nb1 Bb7 19.N1d2 d5 20.Kb1 Rc8 21.Rc1 Bd6 22.exd5 Bxd5 23.c4 bxc3
24.Rxc3 Qb8 25.Rxc8+ Qxc8 26.Rg1 O-O 27.Be2 a5 28.Nxa5 Qa8 29.Nab3 Qa4 30.Nc1 Ra8
31.b3 Qc6 32.Bd4 Rc8 33.Nc4 Nxc4 34.bxc4 Bxc4 35.Bxc4 Qxc4 36.Rd1 Rb8+ 37.Ka1 Nc5
38.Bb2 Bf8 39.Rd4 Qa6 40.Qc2 e5 41.Rc4 Qb5 42.Bxe5 Nb3+ 43.Nxb3 Qxe5+ 44.Kb1 Qxg5
45.Rg4 Qe3 46.Qe4 Qf2 47.Qe5 Rc8 48.Qf5 Rd8 49.Rf4 Rd1+ 50.Nc1 Qb6+ 51.Kc2 Rxc1+
52.Kxc1 Ba3+ 53.Kc2 Qb2+ 54.Kd1 Qa1+ 55.Ke2 Qxa2+ 56.Kf1 g6 57.Qc8+ Bf8 58.Qc4 Qa7
59.Re4 Qa1+ 60.Kg2 Qb2+ 61.Re2 Qf6 62.Re8 Qg5+ 63.Kh1 Qa5 64.Qe4 Qa3 65.Kg2 Qb2+  1/2-1/2

[Event "58th ch-RUS w HL"]
[Site "Chelyabinsk RUS"]
[Date "2008.06.07"]
[Round "4"]
[White "Akatova,E"]
[Black "Stepovaia,T"]
[Result "1/2-1/2"]
[WhiteElo "2320"]
[BlackElo "2378"]

1.e4 c5 2.Nf3 d6 3.d4 cxd4 4.Nxd4 Nf6 5.Nc3 a6 6.f3 e6 7.Be3 b5 8.Qd2 Bb7
9.g4 Nfd7 10.O-O-O Nb6 11.Qe1 N8d7 12.Kb1 Rc8 13.h4 Qc7 14.Bd3 Nc5 15.g5 b4
16.Nce2 d5 17.e5 Nxd3 18.cxd3 Na4 19.h5 Qd7 20.g6 f6 21.Qg3 Nc5 22.gxh7 fxe5
23.Qxe5 Rxh7 24.Qg5 Qf7 25.Bf4 Be7 26.Qg4 Bf6 27.Bd6 Kd7 28.Bxc5 Rxc5 29.Nb3 Rc7
30.Qxb4 Qe7 31.Qg4 Kd8 32.Rc1 Bc8 33.Rxc7 Qxc7 34.Qb4 Be7 35.Qd2 Bd7 36.Rc1 Qh2
37.Qa5+ Ke8 38.Ned4 Rxh5 39.Qxa6 Qd6 40.Qxd6 Bxd6 41.Nc5 e5 42.Nxd7 Kxd7
43.Nb5 Rf5 44.a4 Rxf3 45.a5 g5 46.a6 Rf8 47.Rg1 Ra8 48.Nxd6 Kxd6 49.Rxg5 Kc5
50.Rg6 Kd4 51.Kc2 Rc8+ 52.Kd2 Rb8 53.Rg4+ e4 54.dxe4 Rxb2+ 55.Kc1 Ra2 56.exd5+ Kxd5
57.Rg6 Kc5 58.Kb1 Ra4 59.Kb2  1/2-1/2

[Event "National Open"]
[Site "Las Vegas USA"]
[Date "2008.06.07"]
[Round "3"]
[White "Browne,W"]
[Black "Yanayt,E"]
[Result "0-1"]
[WhiteElo "2444"]
[BlackElo "2268"]

1.e4 c5 2.Nf3 d6 3.d4 cxd4 4.Nxd4 Nf6 5.Nc3 a6 6.f3 e5 7.Nb3 Be6 8.Be3 Be7
9.Qd2 O-O 10.O-O-O Qc7 11.g4 Rc8 12.g5 Nh5 13.Nd5 Bxd5 14.exd5 Nd7 15.Bh3 a5
16.a4 b5 17.axb5 a4 18.Na5 Rxa5 19.Bxd7 a3 20.bxa3 Qc4 21.Qd3 Qa2 22.Bxc8 Rxa3
23.c3 Rb3 24.Qc2 Qa3+ 25.Kd2 Rb2 26.Rb1 Rxc2+ 27.Kxc2 Qa4+ 28.Rb3 Nf4 29.Bxf4 Qxf4
30.b6 Qxf3 31.b7 Qg2+ 32.Kb1 Qxh1+ 33.Ka2 g6 34.b8=Q Kg7 35.Bb7 Qe4 36.Bc6 Bxg5
37.Qxd6 Bc1 38.Qb4 Qd3 39.d6  0-1

[Event "FSGM June"]
[Site "Budapest HUN"]
[Date "2008.06.08"]
[Round "2"]
[White "Macak,S"]
[Black "Duong The Anh"]
[Result "0-1"]
[WhiteElo "2342"]
[BlackElo "2403"]

1.e4 c5 2.Nf3 d6 3.d4 cxd4 4.Nxd4 Nf6 5.Nc3 a6 6.f3 e5 7.Nb3 Be6 8.Be3 Be7
9.Qd2 O-O 10.O-O-O a5 11.Bb5 Na6 12.Qe2 Qb8 13.g4 Nc7 14.Ba4 Rc8 15.g5 Nh5
16.Kb1 g6 17.Rd2 Na6 18.Nd5 Bxd5 19.exd5 Qc7 20.Rg1 Qc4 21.Rg4 Qxe2 22.Rxe2 f5
23.Rg1 Rc4 24.Bb5 Rh4 25.Bd7 Kf8 26.a4 Nc7 27.Rd1 Rd8 28.Bb5 Nxb5 29.axb5 Ra8
30.Rd3 Nf4 31.Bxf4 Rxf4 32.Rg2 Rb4 33.Nd2 Rxb5 34.c4 Rb4 35.c5 Rc8 36.cxd6 Bxd6
37.Rg1 Ke7 38.Rc1 Rxc1+ 39.Kxc1 Rh4 40.b3 b5 41.Nf1 Ba3+ 42.Kc2 Kd6 43.Rd2 Rf4
44.Rd3 e4  0-1

[Event "ch-Panamerican U20"]
[Site "Cali COL"]
[Date "2008.06.11"]
[Round "3"]
[White "Valencia,Ad"]
[Black "Becerra,J"]
[Result "0-1"]
[WhiteElo "1971"]
[BlackElo "2105"]

1.e4 c5 2.Nf3 d6 3.d4 cxd4 4.Nxd4 Nf6 5.Nc3 a6 6.f3 e5 7.Nb3 Be7 8.Be3 O-O
9.Qd2 Be6 10.O-O-O b5 11.Nd5 Bxd5 12.exd5 Qc7 13.Kb1 Nbd7 14.g4 Nb6 15.Bxb6 Qxb6
16.Na5 Rfc8 17.Nc6 Nxd5 18.Nxe7+ Nxe7 19.Qxd6 Rd8 20.Qxd8+ Rxd8 21.Bd3 Nd5
22.a3 g6  0-1

[Event "ch-LIB"]
[Site "Beirut LIB"]
[Date "2008.06.13"]
[Round "8"]
[White "Shamieh,M"]
[Black "Shamieh,J"]
[Result "1-0"]
[WhiteElo "2196"]
[BlackElo "2186"]

1.Nf3 c5 2.e4 d6 3.d4 Nf6 4.Nc3 cxd4 5.Nxd4 a6 6.f3 b5 7.a3 g6 8.Be3 Bb7
9.Qd2 Bg7 10.O-O-O O-O 11.g4 Qc7 12.h4 Rc8 13.h5 g5 14.Nf5 Nc6 15.Bxg5 Ne5
16.Be2 Nexg4 17.Rdg1 Qa5 18.Nxg7 b4 19.Bxf6 bxa3 20.Nd5 Rxc2+ 21.Qxc2 a2
22.Bc3 Rc8 23.Kd2  1-0